Innovation, intellectual property and economic growth (Registro nro. 242861)
[ vista simple ]
| 000 -ENCABEZADO | |
|---|---|
| Número de control [NR] | 01037cam a2200265 a 4500 |
| 005 - FECHA Y HORA DE LA ÚLTIMA TRANSACCIÓN | |
| control field | 20161117121622.0 |
| 008 - DE LONGITUD FIJA DE DATOS DE ELEMENTOS - INFORMACIÓN GENERAL | |
| Elementos de longitud fija [NR] | 140620s2010 xxuad frb 001 0 eng d |
| 020 ## - NUMERO INTERNACIONAL NORMALIZADO PARA LIBROS [R] | |
| Número Internacional Normalizado del libro [NR] | 9780691137988 |
| 020 ## - NUMERO INTERNACIONAL NORMALIZADO PARA LIBROS [R] | |
| Número Internacional Normalizado del libro [NR] | 9780691137995 |
| 040 ## - FUENTE DE CATALOGACION [NR] | |
| Agencia de catalogación original [NR] | CO-BoUCM |
| Idioma de catalogación [NR] | spa |
| Quien Cataloga | Saul Niño (Modificó) |
| Quien Clasifica | Jose A. Gerena |
| 041 0# - CODIGO DE IDIOMA [R] | |
| Código de idioma para texto/pista de sonido o título separado [R] | Inglés |
| 100 1# - ASIENTO PRINCIPAL--NOMBRE PERSONAL [NR] | |
| Nombre personal [NR] | Greenhalgh, Christine |
| ID Autoridad | 62537 |
| 245 10 - MENCION DE TITULO [NR] | |
| Título [NR] | Innovation, intellectual property and economic growth |
| Mención de responsabilidad, etc. [NR] | Christine Greenhalgh, Mark Rogers |
| 260 ## - PUBLICACION, DISTRIBUCION, ETC. (PIE DE IMPRENTA) [R] | |
| Lugar de publicación, distribución, etc. [R] | Princeton (Nueva Jersey, Estados Unidos) |
| Nombre del editor, distribuidor, etc. [R] | Princeton University press |
| Fecha de publicación, distribución, etc. [R] | 2010 |
| 300 ## - DESCRIPCION FISICA [R] | |
| Extensión [R] | xvi, 366 páginas |
| Otros detalles físicos [NR] | ilustraciones, gráficas |
| 504 ## - NOTA DE BIBLIOGRAFIA, ETC. [R] | |
| Nota de bibliografía, etc. [NR] | Incluye referencias bibliográficas e índices |
| 650 #7 - ASIENTO SECUNDARIO DE MATERIA - TERMINO TEMATICO [R] | |
| Término temático o nombre geográfico como elemento de entrada [NR] | Desarrollo tecnológico |
| 9 (RLIN) | 12993 |
| Subdivisión general [R] | Aspectos económicos |
| 650 #7 - ASIENTO SECUNDARIO DE MATERIA - TERMINO TEMATICO [R] | |
| Término temático o nombre geográfico como elemento de entrada [NR] | Desarrollo económico |
| 9 (RLIN) | 12956 |
| 650 #7 - ASIENTO SECUNDARIO DE MATERIA - TERMINO TEMATICO [R] | |
| Término temático o nombre geográfico como elemento de entrada [NR] | Propiedad intelectual |
| 9 (RLIN) | 22585 |
| 650 #7 - ASIENTO SECUNDARIO DE MATERIA - TERMINO TEMATICO [R] | |
| Término temático o nombre geográfico como elemento de entrada [NR] | Difusión de innovaciones |
| 9 (RLIN) | 13263 |
| 690 ## - ASUNTO AGREGADO LOCAL DE ENTRADA - TÉRMINO TEMÁTICO (OCLC, RLIN) | |
| 9 (RLIN) | 42795 |
| Acceso temático local | Economía |
| 700 1# - ASIENTO SECUNDARIO - NOMBRE PERSONAL [R] | |
| Nombre personal [NR] | Rogers, Mark |
| Fechas asociadas con el nombre [NR] | 1964- |
| 9 (RLIN) | 62538 |
| 942 ## - ELEMENTOS DE ENTRADA AGREGADOS (KOHA) | |
| Tema principal | Economía |
| Tipo de ítem principal el descrito en 300a | Libro de referencia |
| Edición | 1 |
| Parte restante de la signatura top. | G813 |
| Sistema de clasificación | DEWEY |
| Clasificación | 338.9 |
| Total préstamos | Signatura topográfica | Código de barras | Última vez visto | Ejemplar | Costo de reposición | Price effective from | Tipo de ítem | Perdido | Sistema de clasificación | Dañado | No prestable | Tipo de ítem específico | Suprimido | Ubicación habitual | Ubicación actual | Localización | Fecha de creación | Proveedor | Forma de adquisición | Costo | Fecha de último préstamo | Total Renewals |
|---|---|---|---|---|---|---|---|---|---|---|---|---|---|---|---|---|---|---|---|---|---|---|
| R 338.9 G813 | 100142807 | 04/12/2025 | Ej.1 | 74865.00 | 18/06/2014 | Libro | DEWEY | Libro | Claustro | Claustro | Mezanine | 18/06/2014 | 15 | Compra | 74500.00 | |||||||
| 2 | 338.9 G813 | 100148211 | 04/12/2025 | Ej.2 | 173639.00 | 13/11/2015 | Libro | DEWEY | Libro | Claustro | Claustro | Mezanine | 13/11/2015 | 15 | Compra | 173639.00 | 14/01/2019 | 4 |